Divas of deccan : (Record no. 76299)

MARC details
000 -LEADER
fixed length control field 00567nam a22001817a 4500
005 - DATE AND TIME OF LATEST TRANSACTION
control field 20130611120755.0
010 ## - LCCN (DPL NO)
LC control number ENG-107430
020 ## - INTERNATIONAL STANDARD BOOK NUMBER
International Standard Book Number 9788183163651
Terms of availability 800.00
035 ## - SYSTEM CONTROL NUMBER
System control number EN-90963
037 ## - SOURCE OF ACQUISITION
Source of stock number/acquisition DBAD/PUB
100 ## - MAIN ENTRY--PERSONAL NAME
Personal name Nalini Shivkumar
245 ## - TITLE STATEMENT
Title Divas of deccan :
Statement of responsibility, etc by Nalini Shivkumar [and] Rema Mahalingam
Remainder of title an ode to women of Hyderabad /
260 ## - PUBLICATION, DISTRIBUTION, ETC. (IMPRINT)
Place of publication, distribution, etc Hyderabad
Name of publisher, distributor, etc Neelkamal Publications
Date of publication, distribution, etc (201?)
270 ## - ADDRESS
Address Sultan Bazar
City Hyderabad
Postal code 500095
300 ## - PHYSICAL DESCRIPTION
Extent unpaged
Dimensions 27cm(pbk)
700 ## - ADDED ENTRY--PERSONAL NAME
Personal name Mahalingam, Rema
942 ## - ADDED ENTRY ELEMENTS (KOHA)
Source of classification or shelving scheme Dewey Decimal Classification
Item type English Books
Call number suffix NAL
Holdings
Withdrawn status Lost status Not for loan Collection code Home library Current library Date acquired Source of acquisition Cost, normal purchase price Full call number Barcode Copy number Cost, replacement price Koha item type
    Not For Loan Non-fiction D.B.Act.Division D.B.Act.Division 29/05/2013 DBAD / PUB 800.00 SHI EN-90963 1 800.00 English Books

© Delhi Public Library
Hit Counter
free hit counter